[Event "CZE-tht Extraliga 2018-19"]
[Site "Czech Republic"]
[Date "2019.02.09"]
[Round "7.4"]
[White "Ragger, Markus"]
[Black "Langner, Ladislav"]
[Result "1-0"]
[WhiteElo "2683"]
[BlackElo "2391"]
[Annotator "TA"]
[PlyCount "121"]
[EventDate "2018.11.03"]
[EventType "team-tourn"]
[EventCountry "CZE"]
[SourceTitle "playchess.com"]
[Source "ChessBase"]
[SourceQuality "1"]
[WhiteTeam "Novoborsky"]
[BlackTeam "Cesky Tesin"]

{[%evp 11,121,27,30,41,43,29,37,20,37,35,53,52,45,51,48,48,52,45,45,52,52,43,58,56,87,89,108,99,114,115,140,75,156,156,209,104,104,82,108,98,89,94,101,89,83,43,89,89,89,91,91,52,89,79,66,66,66,0,66,66,66,66,66,66,67,67,67,66,67,67,67,67,95,78,95,106,115,127,253,257,268,252,225,67,70,63,80,80,129,47,172,27,418,364,584,584,494,14,1070,841,2302,584,2993,2792,29981,29982,29982,29983,29983,29984,29989,29990]} 1. e4 c5 2. Nf3 e6 3. d4 cxd4 4. Nxd4 a6 5. c4 Nf6 6. Nc3 Bb4 7. Qd3 {B41: Sicilian: Kan Variation: 5 c4} Nc6 (7... Qc7 8. Nc2 Bc5 9. Be2 O-O 10. O-O Nc6 11. Kh1 d6 12. f4 Bd7 13. a3 Rad8 14. b4 Ba7 {½-½ (115) Karjakin,S (2782)-Caruana,F (2816) Paris 2018}) 8. Nxc6 dxc6 9. Qxd8+ {White is slightly better.} Kxd8 10. e5 Ne4 11. a3 Bxc3+ 12. bxc3 Kc7 13. Be3 b6 14. Bd3 Nc5 $1 {[%cal Rc5d3]} 15. Bxc5 bxc5 16. O-O-O $146 Rb8 17. h4 h5 18. Rh3 Bd7 19. Rf3 Rbf8 20. Rg3 Rfg8 21. Be2 (21. Be4 $142) 21... f5 (21... f6 $142) 22. Kd2 $16 Rh7 (22... g5 $16) 23. Bd3 (23. Ke3 $18 {is more deadly.}) 23... Rb8 24. Rg6 Kd8 25. Kc2 {And now Bxf5! would win.} Ke7 26. Be2 Be8 27. Rg3 g6 28. Rgd3 Kf8 29. Rd8 Rhb7 30. Rxb8 Rxb8 {[%mdl 4096] Endgame KRB-KRB} 31. Bf3 Ke7 32. Rd6 Rb6 33. Bd1 Rb8 34. Bf3 Rb6 $1 35. Kc1 Rb3 36. Be2 a5 37. Rd3 Bd7 ({Avoid the trap} 37... Rxa3 $2 38. Kb2 $18) 38. Bd1 Rb6 39. Ba4 Bc8 40. Rd6 Bd7 41. g3 Be8 42. Kd2 Rb2+ 43. Ke3 Ra2 44. Bxc6 Bxc6 (44... f4+ $16 45. Kxf4 Rxf2+ 46. Ke3 Rf5) 45. Rxc6 $18 Rxa3 46. Rxc5 Rxc3+ $16 {KR-KR} 47. Kd4 $2 (47. Kf4 $1 $18) 47... Rf3 $14 48. Rxa5 {Strongly threatening Ra7+.} Rxf2 49. Ra7+ Kd8 50. Rf7 ({White should play} 50. Kc5 $16) 50... Rf3 (50... Re2 $14) 51. c5 (51. Kc5 $1 $18) 51... Rxg3 $2 {[%mdl 8192]} (51... Rf1 $1 $11) 52. c6 $18 Rg4+ $2 (52... Kc8 53. Kc5 Rg4) 53. Kc5 Rxh4 {[#]} 54. Rg7 $2 ({White must play} 54. Kd6 $1 $18 {[%cal Rf7f8]} Rd4+ 55. Kxe6) 54... Kc8 $2 {[%mdl 8192]} (54... Rh2 $11) 55. Rxg6 Re4 56. Rxe6 f4 57. Rf6 Rxe5+ {[#]} 58. Kb6 $1 {White mates.} Re8 59. Rxf4 Kb8 60. Rf7 Rh8 61. Rb7+ {Accuracy: White = 62%, Black = 39%.} 1-0

[Event "CZE-tht Extraliga 2018-19"]
[Site "Czech Republic"]
[Date "2019.02.09"]
[Round "7.4"]
[White "Plat, Vojtech"]
[Black "Blohberger, Felix"]
[Result "1/2-1/2"]
[WhiteElo "2533"]
[BlackElo "2451"]
[Annotator "ChessBase"]
[PlyCount "39"]
[EventDate "2018.11.03"]
[EventType "team-tourn"]
[EventCountry "CZE"]
[SourceTitle "playchess.com"]
[Source "ChessBase"]
[SourceQuality "1"]
[WhiteTeam "Lysa nad Labem"]
[BlackTeam "Duras"]
[TimeControl "40/5400+30:1800+30"]

1. d4 {[%emt 0:00:00]} Nf6 {[%emt 0:00:37]} 2. c4 {[%emt 0:00:00]} e6 {[%emt 0:00:03]} 3. Nc3 {[%emt 0:00:00]} Bb4 {[%emt 0:00:11]} 4. Qc2 {[%emt 0:00:00]} O-O {[%emt 0:00:35]} 5. Nf3 {[%emt 0:00:01]} d6 {[%emt 0:01:12]} 6. Bg5 {[%emt 0:01:51]} h6 {[%emt 0:03:00]} 7. Bd2 {[%emt 0:05:11]} Nc6 {[%emt 0:07:21]} 8. a3 {[%emt 0:01:52]} Bxc3 {[%emt 0:00:45]} 9. Bxc3 {[%emt 0:00:03]} Re8 {[%emt 0:00:38]} 10. b4 {[%emt 0:01:54]} e5 {[%emt 0:02:31]} 11. dxe5 {[%emt 0:00:20]} Nxe5 {[%emt 0:01:36]} 12. Nxe5 {[%emt 0:00:39]} dxe5 {[%emt 0:00:09]} 13. e4 {[%emt 0:02:50]} c5 {[%emt 0:13:10]} 14. Be2 {[%emt 0:00:50]} Qc7 {[%emt 0:02:42]} 15. O-O {[%emt 0:00:47]} Be6 {[%emt 0:02:02]} 16. Qb2 {[%emt 0:06:17]} Nd7 {[%emt 0:02:36]} 17. Rfd1 {[%emt 0:13:57]} f6 {[%emt 0:01:15]} 18. Qd2 {[%emt 0:00:58]} Nb6 {[%emt 0:11:13]} 19. bxc5 {[%emt 0:00:25]} Nxc4 {[%emt 0:17:52]} 20. Bxc4 {[%emt 0:00:08]} 1/2-1/2

[Event "CZE-tht Extraliga 2018-19"]
[Site "Czech Republic"]
[Date "2019.02.09"]
[Round "7.4"]
[White "Bernasek, Jan"]
[Black "Zwardon, Vojtech"]
[Result "1-0"]
[WhiteElo "2475"]
[BlackElo "2455"]
[Annotator "TA"]
[PlyCount "83"]
[EventDate "2018.11.03"]
[EventType "team-tourn"]
[EventCountry "CZE"]
[SourceTitle "playchess.com"]
[Source "ChessBase"]
[SourceQuality "1"]
[WhiteTeam "Siesta"]
[BlackTeam "Beskydska"]

{[%evp 13,83,12,16,0,8,6,39,49,37,-57,-57,-47,-50,-52,-53,-97,-92,-100,-106,-71,-74,-143,-148,-216,-95,-81,-26,-26,-25,-60,-12,-118,-117,-160,-147,-179,-159,-168,-127,-174,-164,-155,-107,-96,-35,-52,251,272,259,258,221,199,368,354,1589,1507,1424,1369,1877,1589,1853,1731,1427,1163,29957,12838,29984,29984,29986,29961,29988,29989]} 1. Nf3 c5 2. e3 Nf6 3. d4 cxd4 4. exd4 d5 5. c3 Nc6 6. Bd3 Bg4 7. Bf4 Qb6 8. Nbd2 {B13: Caro-Kann: Exchange Variation and Panov-Botvinnik Attack} (8. b4 e6 9. Nbd2 Be7 10. O-O O-O 11. a4 Rac8 12. a5 Qd8 13. Qa4 Bd6 14. Bg5 Nb8 15. Ne5 Bh5 {0-1 (29) Meszaros,T (2391)-Flumbort,A (2436) Hungary 2018}) 8... Qxb2 9. O-O Qxc3 10. Qb1 $146 {[%cal Rb1b7] White is slightly better.} ({Predecessor:} 10. Nb3 e6 11. h3 Bxf3 12. Qxf3 Be7 13. Rab1 Nxd4 14. Bb5+ Nxb5 {0-1 (14) Porrasmaa,T (1992)-Kivimaki,K (1883) Helsinki 2018}) 10... Qb4 11. Qc2 (11. Qc1 $1 $14 Qa5 12. Rb1) 11... Nxd4 $15 12. Nxd4 Qxd4 13. Be3 $1 {[%cal Re3d4]} Qe5 $1 14. Rfc1 Bd7 15. Nf3 Qb8 16. Bd4 e6 17. Qd2 (17. Rab1 $142) 17... Be7 $17 18. Ne5 (18. Qb2 $17 {was worth a try.}) 18... Qd8 (18... O-O $19 19. Qb2 Ba4) 19. Rab1 {[#]} O-O (19... Bc6 $1 $17 20. Nxc6 bxc6 21. Rxc6 O-O) 20. Rxb7 $11 Be8 21. Qg5 h6 22. Qg3 (22. Qe3 $1 $11 {remains equal.}) 22... Bd6 $1 $17 23. f4 {[#] Black must now prevent Ng4.} Rc8 $1 {[%cal Rc8c1]} 24. Rbb1 Rxc1+ 25. Rxc1 Nh5 26. Qg4 f5 27. Qf3 Qa5 28. Qe3 Qxa2 ({Black should play} 28... Qa4 $17 29. g3 Nf6) 29. g4 fxg4 $2 {[%mdl 8192]} (29... Nf6 $1 $15 {stays ahead.}) 30. Ra1 $18 Qxa1+ ({Much worse is} 30... Qb3 {[#]} 31. Bh7+ $1 {[%mdl 512]} Kxh7 32. Qxb3 $18) 31. Bxa1 {aiming for Ng6.} Nxf4 32. Nxg4 a5 $2 (32... Bh5) 33. Qd4 {[%csl Ga1][%cal Rd4g7]} Nh5 $2 {[#]} (33... e5 34. Qb6 Bb4) 34. Nxh6+ $1 {[%mdl 512]} Kh8 (34... gxh6 35. Qh8+) 35. Qb6 {[%mdl 64] Double Attack} Bb4 36. Qxe6 {White threatens Nf7+! and mate.} Bc5+ 37. Kh1 {Nf7+! would kill now.} d4 38. Nf5 Bf7 39. Qe5 Re8 40. Qxc5 {White mates.} Nf4 41. Bf1 Bd5+ 42. Kg1 {Accuracy: White = 43%, Black = 36%.} 1-0

[Event "CZE-tht Extraliga 2018-19"]
[Site "Czech Republic"]
[Date "2019.02.09"]
[Round "7.4"]
[White "Koziol, Kamil"]
[Black "Votava, Jan"]
[Result "1/2-1/2"]
[WhiteElo "2265"]
[BlackElo "2522"]
[Annotator "TA"]
[PlyCount "70"]
[EventDate "2018.11.03"]
[EventType "team-tourn"]
[EventCountry "CZE"]
[SourceTitle "playchess.com"]
[Source "ChessBase"]
[SourceQuality "1"]
[WhiteTeam "Ostrava"]
[BlackTeam "Pardubice"]

{[%evp 14,70,-17,-17,-17,-12,-8,-8,-13,-8,-5,-21,-1,-19,0,-17,0,-6,0,0,0,0,11,0,25,0,0,0,0,0,0,0,54,54,51,52,51,18,33,38,48,58,46,0,45,0,62,60,63,52,44,40,68,47,57,43,43,46,54]} 1. e4 e5 2. Nf3 Nc6 3. Bc4 Nf6 4. d3 Bc5 5. O-O O-O 6. Be3 d6 7. c3 Bxe3 8. fxe3 Na5 {C54: Giuoco Piano: 4 c3 Nf6, main lines with 5 d4 and 5 d3} (8... Ne7 9. Nbd2 c6 10. Bb3 Ng6 11. d4 Qe7 12. Qe2 Bd7 13. Rae1 Rae8 14. Qf2 Ng4 15. Qg3 Kh8 16. h3 {½-½ (37) Csonka,A (2349)-Nomin Erdene,D (2363) Mosonmagyarovar 2017}) 9. Bb5 a6 10. Ba4 b5 {The position is equal.} 11. Bc2 c5 $146 ({Predecessor:} 11... Bb7 12. Nbd2 Re8 13. Qe1 c5 14. Qh4 h6 15. Rf2 Qd7 16. h3 {½-½ (61) Sokolowska,A (1512)-Mielczarek,J (1418) Solina 2012}) 12. Nbd2 Nc6 13. Qe2 Bd7 14. h3 Qe7 15. Qf2 Kh8 16. Nh4 Rad8 17. Nf5 Bxf5 $1 18. Qxf5 Qc7 19. a4 b4 20. Bb3 bxc3 21. bxc3 d5 22. Qg5 {Threatening Rxf6.} Qe7 (22... Rd6 $11) 23. exd5 $14 Nxd5 24. Qxe7 Ncxe7 25. Nc4 {aiming for e4.} f6 26. Rfc1 Nc7 27. Bc2 Ncd5 28. Bb3 Nc7 29. Bc2 Ncd5 30. Ra3 {White is slightly better.} Rb8 31. g3 g6 32. e4 Nc7 33. Rb3 Rxb3 34. Bxb3 Rb8 35. Ba2 Kg7 {Accuracy: White = 64%, Black = 64%.} 1/2-1/2

[Event "CZE-tht Extraliga 2018-19"]
[Site "Czech Republic"]
[Date "2019.02.09"]
[Round "7.4"]
[White "Slovak, Kilian"]
[Black "Nayhebaver, Martin"]
[Result "0-1"]
[WhiteElo "2257"]
[BlackElo "2462"]
[Annotator "ChessBase"]
[PlyCount "72"]
[EventDate "2018.11.03"]
[EventType "team-tourn"]
[EventCountry "CZE"]
[SourceTitle "playchess.com"]
[Source "ChessBase"]
[SourceQuality "1"]
[WhiteTeam "Siesta B"]
[BlackTeam "Brno"]
[TimeControl "40/5400+30:1800+30"]

1. e4 {[%emt 0:00:00]} c5 {[%emt 0:00:00]} 2. Nf3 {[%emt 0:00:00]} d6 {[%emt 0:00:24]} 3. d4 {[%emt 0:00:00]} cxd4 {[%emt 0:00:06]} 4. Nxd4 {[%emt 0:00:00]} Nf6 {[%emt 0:00:15]} 5. Nc3 {[%emt 0:00:14]} a6 {[%emt 0:00:55]} 6. Bg5 {[%emt 0:00:10]} e6 {[%emt 0:01:19]} 7. f4 {[%emt 0:00:34]} h6 {[%emt 0:00:49]} 8. Bh4 {[%emt 0:00:58]} Qb6 {[%emt 0:00:14]} 9. Qd2 {[%emt 0:02:04]} Qxb2 {[%emt 0:01:55]} 10. Rb1 {[%emt 0:00:34]} Qa3 {[%emt 0:00:06]} 11. e5 {[%emt 0:00:20]} dxe5 {[%emt 0:00:24]} 12. fxe5 {[%emt 0:00:08]} Nfd7 {[%emt 0:00:11]} 13. Ne4 {[%emt 0:06:08]} Qxa2 {[%emt 0:00:44]} 14. Rd1 {[%emt 0:02:29]} Qd5 {[%emt 0:00:40]} 15. Qe3 {[%emt 0:02:51]} Qxe5 {[%emt 0:02:34]} 16. Be2 {[%emt 0:09:46]} Bc5 {[%emt 0:01:10]} 17. Bg3 {[%emt 0:01:28]} Qd5 {[%emt 0:00:16]} 18. c4 {[%emt 0:01:08]} Bxd4 {[%emt 0:00:13]} 19. Rxd4 {[%emt 0:00:33]} Qa5+ {[%emt 0:00:06]} 20. Rd2 {[%emt 0:01:15]} O-O {[%emt 0:00:26]} 21. Bd6 {[%emt 0:03:06]} f5 {[%emt 0:02:18]} 22. Bxf8 {[%emt 0:01:12]} Nxf8 {[%emt 0:00:06]} 23. Nd6 {[%emt 0:00:31]} Nbd7 {[%emt 0:03:33]} 24. Bf3 {[%emt 0:04:43]} Rb8 {[%emt 0:26:23]} 25. Kf2 {[%emt 0:08:52]} Ne5 {[%emt 0:04:13]} 26. c5 {[%emt 0:17:17]} Bd7 {[%emt 0:06:04]} 27. Re2 {[%emt 0:12:47]} Nfg6 {[%emt 0:18:28]} 28. Rd1 {[%emt 0:10:51]} Qc7 {[%emt 0:04:42]} 29. Qd4 {[%emt 0:01:26]} Nxf3 {[%emt 0:03:47]} 30. gxf3 {[%emt 0:00:22]} b6 {[%emt 0:01:30]} 31. Nc4 {[%emt 0:07:18]} Bb5 {[%emt 0:00:53]} 32. Rxe6 {[%emt 0:01:46]} Qxh2+ {[%emt 0:03:22]} 33. Ke3 {[%emt 0:01:52]} bxc5 {[%emt 0:01:22]} 34. Qd5 {[%emt 0:03:08]} Qf4+ {[%emt 0:00:58]} 35. Kd3 {[%emt 0:00:13]} Qxc4+ {[%emt 0:01:08]} 36. Qxc4 {[%emt 0:00:05]} Nf4+ {[%emt 0:00:05] Kd4} 0-1

[Event "CZE-tht Extraliga 2018-19"]
[Site "Czech Republic"]
[Date "2019.02.09"]
[Round "7.5"]
[White "Rausis, Igors"]
[Black "Jurcik, Marian"]
[Result "1/2-1/2"]
[WhiteElo "2659"]
[BlackElo "2464"]
[Annotator "TA"]
[PlyCount "24"]
[EventDate "2018.11.03"]
[EventType "team-tourn"]
[EventCountry "CZE"]
[SourceTitle "playchess.com"]
[Source "ChessBase"]
[SourceQuality "1"]
[WhiteTeam "Beskydska"]
[BlackTeam "Siesta"]

{[%evp 9,24,20,17,15,10,5,6,5,22,0,0,0,0,0,0,0,0]} 1. d4 d5 2. c4 e6 3. Nf3 a6 4. cxd5 exd5 5. Nc3 Nf6 {The position is equal.} 6. Bf4 {D37: Queen's Gambit Declined: 5 Bf4} (6. Bg5 Be6 7. e3 Nbd7 8. Bd3 Bd6 9. O-O c6 10. Qc2 Qc7 11. Rfe1 O-O 12. a3 Bg4 13. Bh4 Bh5 {0-1 (35) Mamedyarov,S (2817)-Maghsoodloo,P (2688) St Petersburg 2018}) 6... Bd6 7. Bxd6 Qxd6 8. e3 Bf5 9. Bd3 Bxd3 10. Qxd3 Nbd7 11. O-O O-O 12. Qc2 $146 ({Predecessor:} 12. Rac1 Rae8 13. Qc2 c6 {½-½ (42) Pershin,D (2393)-Usmanov,V (2464) St Petersburg 2018}) 12... Rfe8 1/2-1/2

[Event "CZE-tht Extraliga 2018-19"]
[Site "Czech Republic"]
[Date "2019.02.09"]
[Round "7.5"]
[White "Jirovsky, Milos"]
[Black "Skalsky, Alexandr"]
[Result "1-0"]
[WhiteElo "2455"]
[BlackElo "2102"]
[Annotator "TA"]
[PlyCount "105"]
[EventDate "2018.11.03"]
[EventType "team-tourn"]
[EventCountry "CZE"]
[SourceTitle "playchess.com"]
[Source "ChessBase"]
[SourceQuality "1"]
[WhiteTeam "Pardubice"]
[BlackTeam "Ostrava"]

{[%evp 18,105,27,11,23,22,18,1,0,4,27,31,32,31,31,29,35,25,27,27,25,26,24,24,35,24,32,4,6,0,0,0,0,0,0,0,0,-7,11,0,0,0,0,0,0,0,0,0,0,0,45,49,55,47,54,29,30,0,55,31,44,28,43,0,20,12,19,10,158,170,223,217,178,44,165,157,164,178,559,545,5347,5373,5193,5169,1900,1833,29996,29997,29997,29998]} 1. Nf3 g6 2. d4 Nf6 3. g3 Bg7 4. Bg2 d5 5. O-O c6 6. Nbd2 O-O 7. c4 Ne4 8. cxd5 Nxd2 9. Bxd2 cxd5 10. Ne5 Nc6 {D78: Fianchetto Grünfeld: 6 0-0 c6} (10... Nd7 11. Bc3 Nf6 12. Qb3 Ne4 13. Bxe4 dxe4 14. Rfd1 Qb6 15. Qxb6 axb6 16. Nc4 Be6 17. d5 Bg4 18. Bxg7 Kxg7 {½-½ (27) Aronian,L (2812)-Gelfand,B (2777) Zuerich 2014}) 11. Nxc6 bxc6 12. Bc3 Qb6 {The position is equal.} 13. Qd2 Ba6 $146 ({Predecessor:} 13... Re8 14. Rfe1 e5 15. dxe5 Bxe5 16. Bxe5 Rxe5 17. Rac1 Bf5 18. e3 {½-½ (64) Nordsieck,T (2276)-Scheider,J (2284) Germany 2015}) 14. Rfd1 Rab8 15. Rac1 Rfc8 16. b3 e6 17. e3 Qb7 18. Bb2 Bf8 19. Rc2 Bb5 20. Bc3 Qe7 21. Rdc1 Qd7 22. Bf1 Bxf1 23. Kxf1 Rb5 24. Qd3 Qb7 25. Kg1 a5 26. Bd2 Ba3 27. Rd1 Bb4 28. Bxb4 axb4 29. Rdc1 Ra5 30. Qd2 Ra6 31. Rc5 Rca8 32. R1c2 Rb6 33. h4 Raa6 34. h5 Rb5 35. Rxb5 (35. h6 {keeps more tension.} Kf8 36. e4 dxe4 37. Qe3 Rba5 38. Qg5) 35... Qxb5 $14 {[%mdl 4096] Endgame KQR-KQR} 36. Rc5 Qb7 37. Qe2 f5 (37... Qa8 $11) 38. g4 gxh5 39. gxf5 exf5 40. Kh1 Ra7 41. Qxh5 {aiming for Qe8+.} Qc8 42. Qh6 Rc7 (42... f4 $1 $11 {keeps the balance.}) 43. Rc1 $16 {Intending Rg1+ and mate.} Qd8 (43... Rg7 {is a better defense.}) 44. Rg1+ $1 $18 ({Not} 44. Rxc6 Rxc6 45. Qxc6 Qh4+ 46. Kg2 Qg4+ 47. Kf1 Qd1+ 48. Kg2 Qg4+ 49. Kh1 Qh4+ 50. Kg2 Qg4+ $11) 44... Kh8 {[#]} 45. Rg3 (45. Rg6 $1 $18) 45... Qe7 (45... Rf7 $1 $14) 46. Kg1 Rc8 {[#]} 47. Kf1 $1 $40 {[%mdl 128] White has strong attack.} c5 $2 (47... f4 {is a better chance.} 48. exf4 (48. Qxf4 Rf8 $16) 48... Qf7) 48. dxc5 Rxc5 49. Qf4 {Threatening mate with Qd4+.} Rc1+ 50. Ke2 {White wants to mate with Qd4+.} Rc2+ 51. Kd1 {Qd4+ would kill now.} Rc1+ 52. Kxc1 Qc5+ 53. Kb1 {Accuracy: White = 55%, Black = 45%.} 1-0

[Event "CZE-tht Extraliga 2018-19"]
[Site "Czech Republic"]
[Date "2019.02.09"]
[Round "7.5"]
[White "Roubalik, Jakub"]
[Black "Oral, Tomas"]
[Result "0-1"]
[WhiteElo "2412"]
[BlackElo "2510"]
[Annotator "TA"]
[PlyCount "88"]
[EventDate "2018.11.03"]
[EventType "team-tourn"]
[EventCountry "CZE"]
[SourceTitle "playchess.com"]
[Source "ChessBase"]
[SourceQuality "1"]
[WhiteTeam "Duras"]
[BlackTeam "Lysa nad Labem"]

{[%evp 24,88,18,8,15,10,9,-20,-15,-31,-25,-13,-10,-15,-10,-41,-29,-18,-2,-13,-13,-18,-15,-24,-14,-123,-134,-254,-237,-254,-227,-300,-304,-517,-521,-489,-397,-469,-396,-412,-370,-426,-413,-284,0,-403,-418,-425,-351,-325,0,-436,-432,-429,-408,-564,-563,-735,-733,-733,-726,-728,-712,-715,-693,-887,-879]} 1. d4 Nf6 2. c4 g6 3. Nc3 d5 4. cxd5 Nxd5 5. e4 Nxc3 6. bxc3 Bg7 7. Bc4 O-O 8. Ne2 c5 9. O-O Nc6 10. Be3 Bg4 11. f3 Na5 12. Bd5 Bd7 13. Rb1 Qc7 {D87: Exchange Grünfeld: Classical Line: Variations without ...cxd4} 14. Bf4 Qc8 15. a3 a6 {[#] The position is equal.} 16. Ba2 $146 ({Predecessor:} 16. Rf2 Bb5 17. Ba2 Bc4 18. Bxc4 Nxc4 19. a4 Rd8 20. d5 e6 21. Qd3 exd5 22. exd5 {0-1 (43) Polugaevsky,L (2600)-Timman,J (2640) Tilburg 1985}) 16... Bb5 17. a4 Bxe2 18. Qxe2 cxd4 19. cxd4 Bxd4+ 20. Kh1 $1 Qd7 21. Bh6 Rfd8 $36 {[%mdl 2048] Black has good play.} ({Much weaker is} 21... Qxa4 22. Bxf8 Rxf8 23. Qd1 $14) 22. f4 {Threatens to win with f5.} Bg7 $1 {[%cal Rg7h6]} ({Stronger than} 22... Qxa4 23. f5 $16) 23. Bxg7 Kxg7 24. Rbd1 (24. f5 $11 {keeps the balance.} Qd2 25. Qxd2 Rxd2 26. Bd5) 24... Qxa4 $17 25. Rxd8 (25. Ra1 $17 {is a better defense.}) 25... Rxd8 $19 26. f5 Qb5 27. Qf2 {f6+ is the strong threat.} f6 28. h3 $2 {[#]} (28. Bd5) 28... Rd2 $1 {[%mdl 576] Deflection} 29. Qxd2 Qxf1+ 30. Kh2 Qb5 31. Be6 Qe5+ 32. Kh1 Qa1+ 33. Kh2 Qe5+ (33... Nc6 $142 34. Bd5 Qe5+ 35. Kg1 gxf5 36. Bxc6 bxc6 37. exf5 Qxf5) 34. Kh1 $1 Nc6 35. Qd7 Qa1+ 36. Kh2 Qe5+ 37. Kh1 Qxe4 38. Qxb7 a5 {[%cal Ba6a5,Ba5a4][%mdl 32]} 39. Qd7 a4 {Black is clearly winning.} 40. Bd5 Qe1+ 41. Kh2 Qe5+ 42. Kh1 {[#]} Nd4 $1 43. fxg6 Ne2 {( -> ...Qa1+)} 44. Qa7 Ng3+ {Accuracy: White = 34%, Black = 70%.} (44... Qxd5 $2 45. Qxe7+ Kxg6 46. Qe8+ Kg5 47. Qxe2 $19) 0-1

[Event "CZE-tht Extraliga 2018-19"]
[Site "Czech Republic"]
[Date "2019.02.09"]
[Round "7.5"]
[White "Mrazek, Lumir"]
[Black "Krejci, Jan"]
[Result "1/2-1/2"]
[WhiteElo "2365"]
[BlackElo "2558"]
[Annotator "ChessBase"]
[PlyCount "81"]
[EventDate "2018.11.03"]
[EventType "team-tourn"]
[EventCountry "CZE"]
[SourceTitle "playchess.com"]
[Source "ChessBase"]
[SourceQuality "1"]
[WhiteTeam "Cesky Tesin"]
[BlackTeam "Novoborsky"]
[TimeControl "40/5400+30:1800+30"]

1. e4 {[%emt 0:00:09]} e5 {[%emt 0:00:00]} 2. Nf3 {[%emt 0:00:15]} Nc6 {[%emt 0:00:00]} 3. Bc4 {[%emt 0:00:16]} Nf6 {[%emt 0:01:40]} 4. O-O {[%emt 0:06:46]} Nxe4 {[%emt 0:03:12]} 5. Nc3 {[%emt 0:19:43]} Be7 {[%emt 0:29:31]} 6. Nxe4 {[%emt 0:04:23]} d5 {[%emt 0:00:04]} 7. Bb5 {[%emt 0:02:30]} dxe4 {[%emt 0:00:07]} 8. Nxe5 {[%emt 0:00:11]} Qd5 {[%emt 0:01:38]} 9. Nxc6 {[%emt 0:00:23]} bxc6 {[%emt 0:00:27]} 10. Be2 {[%emt 0:00:35]} Bf5 {[%emt 0:01:06]} 11. d3 {[%emt 0:06:31]} exd3 {[%emt 0:01:05]} 12. Bxd3 {[%emt 0:03:19]} Bxd3 {[%emt 0:02:13]} 13. Qxd3 {[%emt 0:02:16]} Qxd3 {[%emt 0:01:18]} 14. cxd3 {[%emt 0:00:19]} O-O-O {[%emt 0:00:11]} 15. Rd1 {[%emt 0:01:46]} Bf6 {[%emt 0:00:49]} 16. Rb1 {[%emt 0:01:06]} Rd5 {[%emt 0:01:19]} 17. Kf1 {[%emt 0:02:56]} Kd7 {[%emt 0:05:41]} 18. b3 {[%emt 0:07:15]} Ra5 {[%emt 0:01:18]} 19. Rd2 {[%emt 0:01:15]} Re8 {[%emt 0:06:04]} 20. Rc2 {[%emt 0:03:11]} Bd4 {[%emt 0:01:37]} 21. Bd2 {[%emt 0:03:58]} Rd5 {[%emt 0:01:03]} 22. Re1 {[%emt 0:02:58]} Rxe1+ {[%emt 0:04:49]} 23. Kxe1 {[%emt 0:08:08]} Re5+ {[%emt 0:02:49]} 24. Kf1 {[%emt 0:00:49]} Rf5 {[%emt 0:00:06]} 25. Bc1 {[%emt 0:00:46]} Kd6 {[%emt 0:01:36]} 26. Bb2 {[%emt 0:02:38]} Bxb2 {[%emt 0:00:15]} 27. Rxb2 {[%emt 0:00:05]} Rc5 {[%emt 0:00:52]} 28. Ke2 {[%emt 0:01:28]} Rc1 {[%emt 0:00:21]} 29. h4 {[%emt 0:00:58]} Kd5 {[%emt 0:03:26]} 30. Kd2 {[%emt 0:00:42]} Ra1 {[%emt 0:03:36]} 31. Rc2 {[%emt 0:00:14]} c5 {[%emt 0:00:18]} 32. g3 {[%emt 0:00:55]} f6 {[%emt 0:00:15]} 33. Ke3 {[%emt 0:03:19]} h5 {[%emt 0:00:54]} 34. Ke2 {[%emt 0:00:30]} a5 {[%emt 0:05:32]} 35. Kd2 {[%emt 0:00:50]} Rb1 {[%emt 0:03:36]} 36. Ke3 {[%emt 0:06:00]} Ra1 {[%emt 0:02:56]} 37. Kd2 {[%emt 0:00:06]} g5 {[%emt 0:00:08]} 38. Ke3 {[%emt 0:01:19]} Re1+ {[%emt 0:01:55]} 39. Kd2 {[%emt 0:00:35]} Rb1 {[%emt 0:00:08]} 40. Ke3 {[%emt 0:05:52]} Ra1 {[%emt 0:05:22]} 41. Kd2 {[%emt 0:31:24]} 1/2-1/2

[Event "CZE-tht Extraliga 2018-19"]
[Site "Czech Republic"]
[Date "2019.02.09"]
[Round "7.5"]
[White "Blatny, Pavel"]
[Black "Parizek, Vojtech"]
[Result "1-0"]
[WhiteElo "2337"]
[BlackElo "2333"]
[Annotator "NA"]
[PlyCount "79"]
[EventDate "2018.11.03"]
[EventType "team-tourn"]
[EventCountry "CZE"]
[SourceTitle "playchess.com"]
[Source "ChessBase"]
[SourceQuality "1"]
[WhiteTeam "Brno"]
[BlackTeam "Siesta B"]
[TimeControl "40/5400+30:1800+30"]

1. e3 e5 2. b3 Nf6 3. Bb2 Nc6 4. Ne2 d5 5. d3 Bd6 6. h3 h5 7. g3 Be6 8. Bg2 Ne7 9. a3 Qd7 10. c4 c6 11. Qc2 b5 12. c5 Bc7 13. Nd2 a5 14. Nf3 Ng6 15. Ng5 Qe7 16. Nxe6 Qxe6 17. O-O-O Nd7 18. e4 d4 19. f4 Qe7 20. fxe5 Bxe5 21. Nxd4 Qxc5 22. Nf5 Bxb2+ 23. Kxb2 Qxc2+ 24. Kxc2 O-O 25. d4 c5 26. dxc5 Nxc5 27. Rd5 Rac8 28. Kb2 Rc6 29. Rhd1 Rfc8 30. R1d2 a4 31. b4 Nb3 32. Rd8+ Rxd8 33. Rxd8+ Kh7 34. Bf1 Re6 35. Bxb5 Rxe4 36. Bxa4 Na5 37. Bc2 Nc6 38. Rd6 Re6 39. Rxe6 fxe6 40. Nh4 1-0